| 000 | 01703nam a2200265 a 4500 | ||
|---|---|---|---|
| 001 | BRCA_8787 | ||
| 005 | 20190320210418.0 | ||
| 008 | 170417s1790----sp-#######---#000-0#spa-# | ||
| 041 | _aspa | ||
| 044 | _asp | ||
| 084 |
_aBE166 _b.E24 1790 |
||
| 100 | 1 |
_aEcharri, Francisco _921904 |
|
| 245 | 1 | 0 |
_aDirectorio moral del reverendo padre Fr. Francisco Echarri, del Orden de N.P.S. Francisco de la Regular Observancia _cdel reverendo padre FR. Francisco Echarri, del orden de N.P.S. Francisco de la Regular Observancia. |
| 250 |
_atercera vez ilustrado con adiciones por via de notas, y exactamente corregido por _bDon Francisco Giron y Serrado, presbítero. |
||
| 260 |
_aMadrid _bEn la Imprenta Real _c1790 |
||
| 300 |
_aIV, 528 p. (t.1) _c20.7 x 15 cm. |
||
| 500 | _aCon las licencias necesarias | ||
| 500 | _aEstado físico: presenta encuadernación en pergamino, con lomo semi desprendido | ||
| 500 | _aCon marca de fuego: “Procedencia de la marca: Convento de San Diego de México, D. F.(1). Institución: Orden de Frailes Menores Descalzos. Provincia de San Diego de México. Descripción: Monograma que se desata como: S[an] Die[go]. Observaciones: Las marcas de este convento se diferencian por el motivo que corona al monograma: un diamante, un círculo o una plica. A la marca que consigna David Saavedra le falta el círculo. Ubicación de la marca en el libro: Canto superior; canto inferior” | ||
| 650 | 1 | 4 |
_aTeología moral _yObras anteriores a 1800 _921355 |
| 700 | 1 |
_aGiron y Serrado, Francisco _921905 |
|
| 856 | _ahttp://www.marcasdefuego.buap.mx:8180/xmLibris/projects/firebrand/item.jsp?repository=marcas_de_fuego&key=69474dda.xml&num=9 | ||
| 902 | _aCFM | ||
| 942 |
_2lcc _cB |
||
| 999 |
_c8438 _d8438 |
||